MARC details
| 000 -LEADER |
| fixed length control field |
05220cam a22005297i 4500 |
| 001 - CONTROL NUMBER |
| control field |
19077156 |
| 003 - CONTROL NUMBER IDENTIFIER |
| control field |
ARRUPE |
| 005 - DATE AND TIME OF LATEST TRANSACTION |
| control field |
20180920142500.0 |
| 008 - FIXED-LENGTH DATA ELEMENTS--GENERAL INFORMATION |
| fixed length control field |
160427s2017 enkab b 001 0 eng d |
| 010 ## - LIBRARY OF CONGRESS CONTROL NUMBER |
| LC control number |
2016939850 |
| 020 ## - INTERNATIONAL STANDARD BOOK NUMBER |
| International Standard Book Number |
0198744803 (hardcover) |
| 020 ## - INTERNATIONAL STANDARD BOOK NUMBER |
| International Standard Book Number |
9780198744801 (hardcover) |
| 020 ## - INTERNATIONAL STANDARD BOOK NUMBER |
| International Standard Book Number |
0198744811 (paperback) |
| 020 ## - INTERNATIONAL STANDARD BOOK NUMBER |
| International Standard Book Number |
9780198744818 (paperback) |
| 035 ## - SYSTEM CONTROL NUMBER |
| System control number |
(OCoLC)ocn971221820 |
| 040 ## - CATALOGING SOURCE |
| Original cataloging agency |
YDX |
| Language of cataloging |
eng |
| Transcribing agency |
YDX |
| Description conventions |
rda |
| Modifying agency |
INU |
| -- |
CUT |
| -- |
DLC |
| 042 ## - AUTHENTICATION CODE |
| Authentication code |
lccopycat |
| 043 ## - GEOGRAPHIC AREA CODE |
| Geographic area code |
d------ |
| 050 00 - LIBRARY OF CONGRESS CALL NUMBER |
| Classification number |
HC59.72.P6 |
| Item number |
M43 2017 |
| 082 04 - DEWEY DECIMAL CLASSIFICATION NUMBER |
| Classification number |
362.5/091724 |
| Edition number |
23 |
| 300 ## - PHYSICAL DESCRIPTION |
| Other physical details |
illustrations, maps ; |
| Dimensions |
24 cm. |
| 245 00 - TITLE STATEMENT |
| Title |
Measuring poverty and wellbeing in developing countries / |
| Statement of responsibility, etc |
edited by Channing Arndt and Finn Tarp, A study prepared by the United Nations University World Institute for Development Economics Research (UNU-WIDER). |
| 246 14 - VARYING FORM OF TITLE |
| Title proper/short title |
Measuring poverty & wellbeing in developing countries |
| 246 33 - VARYING FORM OF TITLE |
| Title proper/short title |
Measuring poverty and well-being in developing countries |
| 250 ## - EDITION STATEMENT |
| Edition statement |
First edition. |
| 260 ## - PUBLICATION, DISTRIBUTION, ETC. (IMPRINT) |
| Place of publication, distribution, etc |
Oxford |
| Name of publisher, distributor, etc |
Oxford University Press |
| Date of publication, distribution, etc |
2017 |
| 300 ## - PHYSICAL DESCRIPTION |
| Extent |
xxiv, 347 pages : |
| 490 0# - SERIES STATEMENT |
| Series statement |
UNU-WIDER studies in development economics |
| 500 ## - GENERAL NOTE |
| General note |
"A study prepared by the United Nations University World Institute for Development Economics Research (UNU-WIDER)." |
| 504 ## - BIBLIOGRAPHY, ETC. NOTE |
| Bibliography, etc |
Includes bibliographical references and index. |
| 505 00 - FORMATTED CONTENTS NOTE |
| Miscellaneous information |
part 1. |
| Title |
Principles and choices. |
| -- |
Measuring poverty and wellbeing in developing countries : motivation and overview / |
| Statement of responsibility |
Channing Arndt and Finn Tarp -- |
| Title |
Absolute poverty lines / |
| Statement of responsibility |
Channing Arndt, Kristi Mahrt, and Finn Tarp -- |
| Title |
Multidimensional first-order dominance comparisons of population wellbeing / |
| Statement of responsibility |
Nikolaj Siersboek, Lars Peter Ă˜sterdal, and Channing Arndt -- |
| Title |
Estimation in practice / |
| Statement of responsibility |
Channing Arndt and Kristi Mahrt. -- |
| Miscellaneous information |
part 2. |
| Title |
Country applications. |
| -- |
Estimating utility-consistent poverty in Ethiopia, 2000-11 / |
| Statement of responsibility |
David Stifel and Tassew Woldehanna -- |
| Title |
Estimating utility-consistent poverty in Madagascar, 2001-10 / |
| Statement of responsibility |
David Stifel, Tiaray Razafimanantena, and Faly Rakotomanana -- |
| Title |
Methods matter : the sensitivity of Malawian poverty estimates to definitions, data, and assumptions / |
| Statement of responsibility |
Ulrik Beck, Richard Mussa, and Karl Pauw -- |
| Title |
A review of consumption poverty estimation for Mozambique / |
| Statement of responsibility |
Channing Arndt, Sam Jones, Kristi Mahrt, Vincenzo Salvucci, and Finn Tarp -- |
| Title |
Poverty trends in Pakistan / |
| Statement of responsibility |
Edward Whitney, Hina Nazli, and Kristi Mahrt -- |
| Title |
Uganda : a new set of utility-consistent poverty lines / |
| Statement of responsibility |
Bjorn Van Campenhout, Haruna Sekabira, and Fiona Nattembo -- |
| Title |
Estimating multidimensional childhood poverty in the Democratic Republic of Congo : 2007 through 2013 / |
| Statement of responsibility |
Kristi Mahrt and Malokele Nanivazo -- |
| Title |
Child deprivation and income poverty in Ghana / |
| Statement of responsibility |
Raymond Elikplim Kofinti and Samuel Kobina Annim -- |
| Title |
Measuring multidimensional poverty in Nigeria / |
| Statement of responsibility |
Olu Ajakaiye, Afeikhena T. Jerome, Olanrewaju Olaniyan, Kristi Mahrt, and Olufunke A. Alaba -- |
| Title |
Multidimensional assessment of child welfare for Tanzania / |
| Statement of responsibility |
Channing Arndt, Vincent Leyaro, Kristi Mahrt, and Finn Tarp -- |
| Title |
Estimating multidimensional poverty in Zambia / |
| Statement of responsibility |
Kristi Mahrt and Gibson Masumbu. -- |
| Miscellaneous information |
part 3. |
| Title |
Summing-up and lessons learnt. |
| -- |
Synthesis / |
| Statement of responsibility |
Channing Arndt, Kristi Mahrt, and Finn Tarp -- |
| Title |
Keep it real : measuring real inequality using survey data from developing countries / |
| Statement of responsibility |
Ulrik Beck -- |
| Title |
Conclusions and looking forward / |
| Statement of responsibility |
Channing Arndt and Finn Tarp. -- |
| Miscellaneous information |
appendix A. |
| Title |
User guide to Poverty Line Estimation Analytical Software--PLEASe / |
| Statement of responsibility |
Channing Arndt, Ulrik Beck, M. Azhar Hussain, Kristi, Mahrt, Kenneth Simler, and Finn Tarp -- |
| Miscellaneous information |
appendix B. |
| Title |
User guide to Estimating First-Order Dominance software (EFOD) / |
| Statement of responsibility |
Channing Arndt and Kristi Mahrt. |
| 520 2# - SUMMARY, ETC. |
| Summary, etc |
"This book focuses on two domains: the measurement of absolute consumption poverty and a first-order dominance approach to multidimensional welfare analysis. In each domain, it provides a series of computer codes designed to facilitate analysis by allowing the analyst to start from a flexible and known base. The volume covers the theoretical grounding for the code streams provided, a chapter on 'estimation in practice', and a series of 11 case studies where the code streams are operationalized, as well as a synthesis, an extension to inequality, and a look forward."--Page [4] of cover. |
| 650 #0 - SUBJECT ADDED ENTRY--TOPICAL TERM |
| Topical term or geographic name as entry element |
Poor |
| Geographic subdivision |
Developing countries. |
| 9 (RLIN) |
42390 |
| 650 #0 - SUBJECT ADDED ENTRY--TOPICAL TERM |
| Topical term or geographic name as entry element |
Poverty |
| General subdivision |
Measurement. |
| 9 (RLIN) |
42391 |
| 650 #0 - SUBJECT ADDED ENTRY--TOPICAL TERM |
| Topical term or geographic name as entry element |
Well-being |
| Geographic subdivision |
Developing countries. |
| 9 (RLIN) |
42392 |
| 650 #0 - SUBJECT ADDED ENTRY--TOPICAL TERM |
| Topical term or geographic name as entry element |
Well-being |
| General subdivision |
Measurement. |
| 9 (RLIN) |
42393 |
| 700 1# - ADDED ENTRY--PERSONAL NAME |
| Personal name |
Arndt, Channing, |
| Relator term |
editor, |
| -- |
contributor. |
| 9 (RLIN) |
42394 |
| 700 1# - ADDED ENTRY--PERSONAL NAME |
| Personal name |
Tarp, Finn, |
| Dates associated with a name |
1951- |
| Relator term |
editor, |
| -- |
contributor. |
| 9 (RLIN) |
42395 |
| 710 2# - ADDED ENTRY--CORPORATE NAME |
| Corporate name or jurisdiction name as entry element |
World Institute for Development Economics Research, |
| Relator term |
issuing body. |
| 9 (RLIN) |
42160 |
| 906 ## - LOCAL DATA ELEMENT F, LDF (RLIN) |
| a |
7 |
| b |
cbc |
| c |
copycat |
| d |
2 |
| e |
ncip |
| f |
20 |
| g |
y-gencatlg |
| 942 ## - ADDED ENTRY ELEMENTS (KOHA) |
| Source of classification or shelving scheme |
Library of Congress Classification |
| Koha item type |
Monograph ( Printed materials) |